[Event "Vojvodina-chT 21st"]
[Site "Backa Palanka"]
[Date "2021.10.24"]
[Round "2.5"]
[White "Brajic, Miloje"]
[Black "Kovacevic, Dragisa"]
[Result "1-0"]
[WhiteElo "2153"]
[BlackElo "2201"]
[PlyCount "104"]
[EventDate "2021.10.23"]
[EventType "team-tourn"]
[EventRounds "11"]
[EventCountry "SRB"]
[SourceTitle "CBM 204 Extra"]
[Source "ChessBase"]
[SourceDate "2021.11.30"]
[SourceVersion "1"]
[SourceVersionDate "2021.11.30"]
[SourceQuality "1"]
[WhiteTeam "Backa Palanka"]
[BlackTeam "Jazak Car Uros"]
[WhiteTeamCountry "SRB"]
[BlackTeamCountry "SRB"]

1. e4 c5 2. Nf3 a6 3. d4 cxd4 4. Nxd4 Nf6 5. Nc3 e5 6. Nf3 Bb4 7. Bd2 d6 8. Bc4 0-0 9. Qe2 b5 10. Bd5 Nxd5 11. Nxd5 Bc5 12. a4 bxa4 13. Rxa4 Bd7 14. Ra2 Be6 15. b4 Bxd5 16. exd5 Bb6 17. 0-0 Ra7 18. c4 Rc7 19. Rc1 Re8 20. Rac2 e4 21. Ng5 h6 22. Nh3 Nd7 23. Bc3 e3 24. f3 Qh4 25. Be1 Qd4 26. Kh1 Rec8 27. Bg3 Qf6 28. c5 dxc5 29. Bxc7 Rxc7 30. Qxe3 Qd6 31. Qe8+ Nf8 32. bxc5 Bxc5 33. Qe4 Re7 34. Qf4 Qxf4 35. Nxf4 Nd7 36. Nd3 Bb6 37. Rc8+ Kh7 38. Re1 Rxe1+ 39. Nxe1 Kg6 40. Nd3 Kf6 41. Rc6+ Ke7 42. f4 f6 43. f5 a5 44. Nf4 a4 45. Ne6 a3 46. d6+ Kf7 47. Rc8 g6 48. fxg6+ Kxg6 49. Nf8+ Nxf8 50. Rxf8 Kf5 51. Ra8 Ke6 52. Rxa3 Kxd6 1-0

[Event "Vojvodina-chT 2nd League"]
[Site "Backa Palanka"]
[Date "2020.10.22"]
[Round "10.4"]
[White "Radulovic, Dragan B"]
[Black "Brajic, Miloje"]
[Result "0-1"]
[WhiteElo "2136"]
[BlackElo "2220"]
[PlyCount "108"]
[EventDate "2020.10.16"]
[EventType "team-tourn"]
[EventRounds "11"]
[EventCountry "SRB"]
[SourceTitle "EXT 2022"]
[Source "ChessBase"]
[SourceDate "2021.10.06"]
[SourceVersion "1"]
[SourceVersionDate "2021.10.06"]
[SourceQuality "1"]
[WhiteTeam "Vojka Sremac"]
[BlackTeam "Backa Palanka"]
[WhiteTeamCountry "SRB"]
[BlackTeamCountry "SRB"]

1. Nf3 d5 2. d4 Nf6 3. c4 e6 4. Nc3 c6 5. Bg5 Nbd7 6. cxd5 exd5 7. e3 Be7 8. Qc2 Ne4 9. Bxe7 Qxe7 10. Bd3 Ndf6 11. h3 0-0 12. 0-0 Nxc3 13. bxc3 Ne4 14. c4 Ng5 15. Nxg5 Qxg5 16. Kh2 dxc4 17. Qxc4 Be6 18. Qc2 f5 19. Bc4 Rae8 20. g3 Rf6 21. Bxe6+ Rfxe6 22. Rab1 b6 23. Qd1 Qf6 24. Qf3 Re4 25. Rfc1 g5 26. Kg2 Qe6 27. Rc2 Qd5 28. Kh2 R4e6 29. Qh5 Rg6 30. Rbc1 Ree6 31. Qe2 Rh6 32. Qf1 Kg7 33. Qg2 Qd7 34. d5 Qxd5 35. Qxd5 cxd5 36. Rc7+ Kf6 37. Rxa7 Ke5 38. Rcc7 f4 39. gxf4+ gxf4 40. Rxh7 Rxh7 41. exf4+ Kxf4 42. Rxh7 d4 43. Rd7 Ke4 44. Kg2 Rg6+ 45. Kf1 Kd3 46. h4 Rh6 47. Rb7 Kd2 48. Kg2 d3 49. Kg3 Rd6 50. h5 Kc2 51. h6 Rxh6 52. Rc7+ Kd1 53. Kg4 Rd6 54. f4 d2 0-1

[Event "Vojvodina-chT 2nd League"]
[Site "Backa Palanka"]
[Date "2020.10.20"]
[Round "6.3"]
[White "Brajic, Miloje"]
[Black "Jesenski, Tibor"]
[Result "0-1"]
[WhiteElo "2220"]
[BlackElo "2317"]
[PlyCount "50"]
[EventDate "2020.10.16"]
[EventType "team-tourn"]
[EventRounds "11"]
[EventCountry "SRB"]
[SourceTitle "EXT 2022"]
[Source "ChessBase"]
[SourceDate "2021.10.06"]
[SourceVersion "1"]
[SourceVersionDate "2021.10.06"]
[SourceQuality "1"]
[WhiteTeam "Backa Palanka"]
[BlackTeam "Backa Pacir"]
[WhiteTeamCountry "SRB"]
[BlackTeamCountry "SRB"]

1. e4 e5 2. Nc3 Nf6 3. f4 d5 4. fxe5 Nxe4 5. Nf3 Be7 6. d3 Nxc3 7. bxc3 c5 8. Be2 0-0 9. 0-0 Nc6 10. Qe1 f6 11. d4 fxe5 12. dxe5 Be6 13. Qg3 Kh8 14. Bf4 Qa5 15. Ng5 Bxg5 16. Bxg5 Qa4 17. Rab1 Rxf1+ 18. Bxf1 Rf8 19. Bd3 Qxa2 20. Re1 c4 21. Bf6 Rf7 22. Bf5 Bxf5 23. e6 Rxf6 24. Qc7 h6 25. h3 Qxc2 0-1

[Event "Backi Petrovac TS 94th"]
[Site "Backi Petrovac"]
[Date "2018.11.28"]
[Round "5"]
[White "Radlovacki, Jovan"]
[Black "Brajic, Miloje"]
[Result "1/2-1/2"]
[WhiteElo "2317"]
[BlackElo "2236"]
[PlyCount "97"]
[EventDate "2018.11.26"]
[EventType "tourn"]
[EventRounds "11"]
[EventCountry "SRB"]
[SourceTitle "CBM 187 Extra"]
[Source "ChessBase"]
[SourceDate "2018.11.04"]
[SourceVersion "1"]
[SourceVersionDate "2018.11.04"]
[SourceQuality "1"]

1. e4 Nf6 2. e5 Nd5 3. d4 d6 4. Bc4 Nb6 5. Bb3 dxe5 6. Qh5 e6 7. dxe5 c5 8. c3 c4 9. Bc2 Bd7 10. Nf3 g6 11. Qg4 Bc6 12. Nbd2 Bg7 13. Ne4 Bxe4 14. Bxe4 Qc7 15. 0-0 N8d7 16. Bf4 Nc5 17. Bc2 0-0 18. h4 h5 19. Qg3 Rad8 20. Nd4 Nd5 21. Bg5 Rd7 22. Rfe1 Nd3 23. Bxd3 cxd3 24. Qxd3 Bxe5 25. Nxe6 fxe6 26. Qxg6+ Bg7 27. Qxe6+ Kh7 28. Qe4+ Kg8 29. Rad1 Nf6 30. Bxf6 Rxd1 31. Rxd1 Rxf6 32. Qe8+ Bf8 33. Qxh5 Qf4 34. Qd5+ Kg7 35. Qd4 Qh6 36. g3 b6 37. Kg2 Bc5 38. Qe5 Qg6 39. Rd7+ Kh6 40. f4 Rf7 41. Qh8+ Rh7 42. Rxh7+ Qxh7 43. Qxh7+ Kxh7 44. g4 Kg6 45. g5 Kf5 46. Kf3 Bd6 47. Ke3 Bxf4+ 48. Kd4 Bg3 49. Kd5 1/2-1/2

[Event "Vojvodina-ch 4th"]
[Site "Novi Sad"]
[Date "2013.06.30"]
[Round "4"]
[White "Brajic, Miloje"]
[Black "Arsic, Djordje"]
[Result "0-1"]
[WhiteElo "2300"]
[BlackElo "2040"]
[PlyCount "58"]
[EventDate "2013.06.28"]
[EventType "swiss"]
[EventRounds "9"]
[EventCountry "SRB"]
[SourceTitle "CBM 155 Extra"]
[Source "ChessBase"]
[SourceDate "2013.08.26"]
[SourceVersion "1"]
[SourceVersionDate "2013.08.26"]
[SourceQuality "1"]

1. e4 e5 2. Nc3 Nf6 3. f4 d5 4. fxe5 Nxe4 5. Nf3 Be7 6. Be2 0-0 7. d3 Ng5 8. 0-0 Be6 9. Nd4 Bc5 10. Be3 Nc6 11. Ncb5 a6 12. h4 axb5 13. c3 Bxd4 14. cxd4 Nh3+ 15. gxh3 Qxh4 16. Bf2 Qxh3 17. Bf3 f6 18. Bg2 Qh6 19. Qe2 f5 20. b3 f4 21. a4 b4 22. Ra2 Qg6 23. Be1 Nxd4 24. Qf2 c5 25. Bxb4 b6 26. Bc3 f3 27. Bxd4 fxg2 28. Qxg2 Rxf1+ 29. Kxf1 Qxd3+ 0-1

[Event "Osijek op"]
[Site "Osijek"]
[Date "2013.02.21"]
[Round "2.9"]
[White "Brajic, Miloje"]
[Black "Mesko, Andrej"]
[Result "1-0"]
[WhiteElo "2312"]
[BlackElo "2026"]
[PlyCount "65"]
[EventDate "2013.02.21"]
[EventType "swiss"]
[EventRounds "7"]
[EventCountry "CRO"]
[SourceTitle "EXT 2014"]
[Source "ChessBase"]
[SourceDate "2013.11.20"]
[SourceVersion "1"]
[SourceVersionDate "2013.11.20"]
[SourceQuality "1"]

1. e4 c6 2. d4 d5 3. e5 Bf5 4. Nf3 e6 5. Be2 Nd7 6. 0-0 Ne7 7. Be3 c5 8. c4 cxd4 9. Bxd4 dxc4 10. Na3 Nc6 11. Nxc4 Be7 12. Nd6+ Bxd6 13. exd6 0-0 14. Rc1 e5 15. Be3 Bg4 16. h3 Bh5 17. Qd2 Re8 18. Rfd1 Nf6 19. b4 a6 20. a4 e4 21. Nd4 Nxd4 22. Bxh5 Nb3 23. Bxf7+ Kxf7 24. Qa2 Rc8 25. Qxb3+ Kg6 26. Rc5 h6 27. Re1 Rxc5 28. bxc5 Qd7 29. Rb1 Rb8 30. Qc4 Rd8 31. Rb6 Qc8 32. Bd4 Nd7 33. Qe6+ 1-0

[Event "Osijek op"]
[Site "Osijek"]
[Date "2013.02.21"]
[Round "1.9"]
[White "Karlic, Hrvoje"]
[Black "Brajic, Miloje"]
[Result "0-1"]
[WhiteElo "1954"]
[BlackElo "2312"]
[PlyCount "96"]
[EventDate "2013.02.21"]
[EventType "swiss"]
[EventRounds "7"]
[EventCountry "CRO"]
[SourceTitle "EXT 2014"]
[Source "ChessBase"]
[SourceDate "2013.11.20"]
[SourceVersion "1"]
[SourceVersionDate "2013.11.20"]
[SourceQuality "1"]

1. c4 Nf6 2. Nc3 e6 3. e4 d5 4. exd5 exd5 5. cxd5 Nxd5 6. Bc4 Nb6 7. Qe2+ Be7 8. Nf3 0-0 9. 0-0 Nc6 10. d3 Bg4 11. Qe4 Bh5 12. Bf4 Bg6 13. Qe2 Nxc4 14. dxc4 Bd3 15. Bxc7 Bxe2 16. Bxd8 Bxf1 17. Bxe7 Rfe8 18. Kxf1 Rxe7 19. Nd5 Re4 20. b3 h6 21. Rd1 Rae8 22. Nc3 R4e6 23. g3 Kf8 24. Rd7 R8e7 25. Rd2 Ke8 26. Nd5 Rd7 27. Rb2 Ne7 28. Nf4 Rd1+ 29. Kg2 Red6 30. Re2 Kf8 31. h4 Ra1 32. a4 Rb1 33. Re3 Rb2 34. g4 Rd1 35. Ne2 Nc6 36. Nc3 Ra1 37. Ne4 Raa2 38. Kg3 Re2 39. Rxe2 Rxe2 40. Ned2 Ne5 41. Nxe5 Rxd2 42. b4 f6 43. Ng6+ Kf7 44. Nf4 Rd4 45. Nd5 Rxc4 46. g5 hxg5 47. hxg5 fxg5 48. a5 Ke6 0-1

[Event "Vojvodina-ch 3rd"]
[Site "Novi Sad"]
[Date "2012.07.01"]
[Round "4"]
[White "Brajic, Miloje"]
[Black "Indjic, Aleksandar"]
[Result "0-1"]
[WhiteElo "2235"]
[BlackElo "2432"]
[PlyCount "72"]
[EventDate "2012.06.29"]
[EventType "swiss"]
[EventRounds "9"]
[EventCountry "SRB"]
[SourceTitle "CBM 149 Extra"]
[Source "ChessBase"]
[SourceDate "2012.08.24"]
[SourceVersion "1"]
[SourceVersionDate "2012.08.24"]
[SourceQuality "1"]

1. e4 c5 2. Nf3 d6 3. d4 cxd4 4. Nxd4 Nf6 5. Nc3 a6 6. Bg5 e6 7. Qd2 Be7 8. f4 Qc7 9. 0-0-0 Nbd7 10. g4 h6 11. Bxf6 Nxf6 12. Kb1 g5 13. f5 e5 14. Nf3 b5 15. Nd5 Nxd5 16. Qxd5 Bb7 17. Qd3 h5 18. Rg1 0-0-0 19. Qe3 d5 20. Qe1 dxe4 21. Rxd8+ Rxd8 22. Nd2 Bc5 23. Rg3 e3 24. Nb3 h4 25. Rh3 Bb6 26. Bd3 e4 27. Be2 Qf4 28. Qc3+ Kb8 29. a4 Qf2 30. Nc1 bxa4 31. Qb4 Ka7 32. Qxa4 Qg2 33. b4 Qxh3 34. Bxa6 Qxh2 35. Bxb7+ Kxb7 36. c4 e2 0-1

[Event "SRB-chT Cup"]
[Site "Kragujevac"]
[Date "2012.05.20"]
[Round "7"]
[White "Irizanin, Radoje"]
[Black "Brajic, Miloje"]
[Result "1-0"]
[WhiteElo "2321"]
[BlackElo "2235"]
[PlyCount "75"]
[EventDate "2012.05.14"]
[EventType "team-swiss"]
[EventRounds "7"]
[EventCountry "SRB"]
[SourceTitle "CBM 148 Extra"]
[Source "ChessBase"]
[SourceDate "2012.06.22"]
[SourceVersion "1"]
[SourceVersionDate "2012.06.22"]
[SourceQuality "1"]
[WhiteTeam "Cacak Borac"]
[BlackTeam "Hercegovac Gajdobra"]
[WhiteTeamCountry "SRB"]
[BlackTeamCountry "SRB"]

1. d4 Nf6 2. Nf3 d5 3. e3 e6 4. Bd3 Bd6 5. Nbd2 Nbd7 6. 0-0 e5 7. e4 0-0 8. exd5 exd4 9. Ne4 Nxe4 10. Bxe4 f5 11. Bd3 Qf6 12. Bg5 Qf7 13. Nxd4 h6 14. Bxf5 Nc5 15. Bxc8 Raxc8 16. Be3 Qxd5 17. Nb5 Qe6 18. Nxd6 cxd6 19. c3 Rf5 20. Bd4 Rg5 21. f4 Rf5 22. Qg4 Rc7 23. Rae1 Qf7 24. g3 b5 25. Qe2 Qxa2 26. Qxb5 Rb7 27. Qe8+ Rf8 28. Qg6 Qd5 29. b4 Nb3 30. Rd1 Qf7 31. Qxd6 Rd7 32. Qc6 Nxd4 33. Rxd4 Rc7 34. Qf3 Rfc8 35. Rc1 Qb3 36. Rd3 Rc4 37. Qd5+ Kh8 38. Ra1 1-0

[Event "SRB-chT Cup"]
[Site "Kragujevac"]
[Date "2012.05.14"]
[Round "1"]
[White "Brajic, Miloje"]
[Black "Kostic, Vladimir G"]
[Result "1/2-1/2"]
[WhiteElo "2235"]
[BlackElo "2425"]
[PlyCount "70"]
[EventDate "2012.05.14"]
[EventType "team-swiss"]
[EventRounds "7"]
[EventCountry "SRB"]
[SourceTitle "CBM 148 Extra"]
[Source "ChessBase"]
[SourceDate "2012.06.22"]
[SourceVersion "1"]
[SourceVersionDate "2012.06.22"]
[SourceQuality "1"]
[WhiteTeam "Hercegovac Gajdobra"]
[BlackTeam "Valjevo"]
[WhiteTeamCountry "SRB"]
[BlackTeamCountry "SRB"]

1. e4 d6 2. d4 Nf6 3. Nc3 e5 4. dxe5 dxe5 5. Qxd8+ Kxd8 6. Bg5 Nbd7 7. 0-0-0 Bd6 8. Bc4 Rf8 9. Nf3 a6 10. a4 Ke8 11. Nh4 h6 12. Be3 Nc5 13. f3 Be6 14. Bxc5 Bxc5 15. Bxe6 fxe6 16. Ng6 Bd6 17. Nxf8 Kxf8 18. g4 Ke7 19. h4 Nd7 20. Rd3 Nc5 21. Re3 b5 22. axb5 axb5 23. Kb1 Rb8 24. Ne2 g6 25. Rf1 Rf8 26. b4 Nd7 27. c3 Nb6 28. Nc1 Nc4 29. Re2 Kd7 30. Nd3 Be7 31. h5 gxh5 32. gxh5 Bg5 33. Nb2 Nd6 34. Kc2 Ke7 35. Kb3 Rg8 1/2-1/2

[Event "SRB-chT Cup"]
[Site "Kragujevac"]
[Date "2010.05.19"]
[Round "2"]
[White "Stankovic, Milos"]
[Black "Brajic, Miloje"]
[Result "0-1"]
[WhiteElo "2325"]
[BlackElo "2176"]
[PlyCount "107"]
[EventDate "2010.05.18"]
[EventType "team-tourn"]
[EventRounds "7"]
[EventCountry "YUG"]
[SourceTitle "CBM 136 Extra"]
[Source "ChessBase"]
[SourceDate "2010.07.02"]
[SourceVersion "2"]
[SourceVersionDate "2010.07.15"]
[SourceQuality "1"]

1. e4 Nf6 2. e5 Nd5 3. c4 Nb6 4. a4 a5 5. Ra3 d6 6. exd6 Qxd6 7. d4 Qg6 8. Rb3 Qxb1 9. Bd3 Qa2 10. c5 Nxa4 11. Qc2 Na6 12. Bb5+ c6 13. Bxa4 Nb4 14. Qd1 Bf5 15. Ne2 Nd3+ 16. Rxd3 Bxd3 17. Nc3 Qc4 18. d5 0-0-0 19. Bb3 Qb4 20. Qxd3 Qxb3 21. Qf5+ e6 22. Qxf7 Bxc5 23. dxc6 bxc6 24. 0-0 Rhf8 25. Qh5 Qc4 26. Ne4 Rf5 27. Qg4 Rd4 28. Re1 Rxe4 29. Qxe4 Bxf2+ 30. Kh1 Qxe4 31. Rxe4 Kd7 32. Bd2 Bb6 33. h3 Kd6 34. Bc3 g6 35. Kh2 Kd5 36. Ra4 Kd6 37. g4 Rd5 38. h4 e5 39. g5 Bd4 40. Bxa5 Bxb2 41. Be1 Bd4 42. Ra8 Kc7 43. Bg3 Rd7 44. Kg2 Kd6 45. Kf3 Kd5 46. Kg4 Rf7 47. h5 gxh5+ 48. Kxh5 c5 49. Kh6 e4 50. Rd8+ Ke6 51. Rd6+ Kf5 52. Rd5+ Kg4 53. Bd6 Rf5 54. g6 0-1

[Event "SRB-chT Cup"]
[Site "Kragujevac"]
[Date "2010.05.18"]
[Round "1"]
[White "Savicevic, Vlatko"]
[Black "Brajic, Miloje"]
[Result "1-0"]
[WhiteElo "2355"]
[BlackElo "2176"]
[PlyCount "123"]
[EventDate "2010.05.18"]
[EventType "team-tourn"]
[EventRounds "7"]
[EventCountry "YUG"]
[SourceTitle "CBM 136 Extra"]
[Source "ChessBase"]
[SourceDate "2010.07.02"]
[SourceVersion "2"]
[SourceVersionDate "2010.07.15"]
[SourceQuality "1"]

1. e4 Nf6 2. e5 Nd5 3. d4 d6 4. c4 Nb6 5. exd6 exd6 6. Nc3 Be7 7. Bd3 Nc6 8. Nge2 Bf6 9. d5 Ne5 10. f4 Nxd3+ 11. Qxd3 0-0 12. 0-0 c6 13. Bd2 cxd5 14. cxd5 Nd7 15. Kh1 Nc5 16. Qf3 Qb6 17. b3 Bf5 18. Ng3 Bd3 19. Rfe1 Rae8 20. Rac1 Bd4 21. f5 Be5 22. Na4 Nxa4 23. Qxd3 Nc5 24. Qc4 Qa6 25. Qxa6 Nxa6 26. Ne4 Rc8 27. g3 Rfe8 28. Kg2 Nc5 29. Nxc5 dxc5 30. Kf3 f6 31. Be3 b6 32. Bf4 Kf7 33. Bxe5 fxe5 34. Ke4 Ke7 35. Kxe5 Kd7+ 36. Kf4 Rxe1 37. Rxe1 Kd6 38. Re6+ Kxd5 39. Re7 b5 40. Rd7+ Kc6 41. Rxg7 c4 42. bxc4 bxc4 43. Ke3 Kd5 44. Kd2 h5 45. Rh7 Rb8 46. Kc3 Rb1 47. Rxh5 Rc1+ 48. Kd2 Rf1 49. f6+ Ke6 50. Rh6 Rg1 51. a4 a5 52. Kc3 Rc1+ 53. Kd4 c3 54. Kd3 Kf7 55. Rh5 Kxf6 56. Rxa5 Kg6 57. h4 Kh6 58. Rg5 Kh7 59. a5 Kh6 60. Rc5 Rg1 61. Kxc3 Rxg3+ 62. Kb4 1-0

[Event "Vojvodina Cup"]
[Site "Banja Junakovic"]
[Date "2009.05.01"]
[Round "2"]
[White "Bodiroga, Predrag"]
[Black "Brajic, Miloje"]
[Result "1-0"]
[WhiteElo "2422"]
[BlackElo "2222"]
[PlyCount "161"]
[EventDate "2009.04.30"]
[EventType "team-tourn"]
[EventRounds "5"]
[EventCountry "YUG"]
[SourceTitle "EXT 2011"]
[Source "ChessBase"]
[SourceDate "2010.11.26"]
[SourceVersion "1"]
[SourceVersionDate "2010.11.26"]
[SourceQuality "1"]

1. d4 Nf6 2. c4 e6 3. Nf3 d5 4. Nc3 c6 5. e3 Bd6 6. Bd3 Nbd7 7. 0-0 0-0 8. e4 dxe4 9. Nxe4 Nxe4 10. Bxe4 e5 11. dxe5 Nxe5 12. Nxe5 Bxe5 13. Bxh7+ Kxh7 14. Qh5+ Kg8 15. Qxe5 Re8 16. Qf4 Re2 17. b3 Qa5 18. a4 Bf5 19. b4 Qe5 20. Qxe5 Rxe5 21. Be3 Bd3 22. Rfc1 Re4 23. Ra3 Be2 24. Rac3 Rd8 25. f3 Re6 26. Kf2 Bd1 27. a5 a6 28. Ke1 Red6 29. Kf2 Re6 30. h4 f5 31. Kg3 Kf7 32. Rb1 Be2 33. Rb2 Rd3 34. Rxd3 Bxd3 35. Kf4 Bxc4 36. Rd2 Bd5 37. Bd4 g6 38. h5 gxh5 39. Kxf5 Rg6 40. Be5 h4 41. Bf4 Be6+ 42. Ke5 Bd5 43. Kd4 Kf6 44. Kc5 Kf5 45. Bc7 h3 46. gxh3 Bxf3 47. Rd4 Bg2 48. h4 Rh6 49. Bd8 Rh7 50. Bg5 Bd5 51. Kd6 Be4 52. Rd2 Bf3 53. Rd4 Be4 54. Rd1 Kg4 55. Rg1+ Kf5 56. Rf1+ Kg6 57. Rf6+ Kh5 58. Kc5 Rd7 59. Rf4 Rd5+ 60. Kc4 Bd3+ 61. Kc3 Rd7 62. Rf8 Be2 63. Re8 Bf1 64. Re1 Bb5 65. Be7 Rd3+ 66. Kc2 Rd4 67. Re5+ Kg6 68. h5+ Kh6 69. Bg5+ Kh7 70. Re7+ Kg8 71. h6 Bd3+ 72. Kc3 Rd5 73. Be3 Bf5 74. Rg7+ Kf8 75. Bc5+ Ke8 76. h7 Bxh7 77. Rxh7 Rd7 78. Rh8+ Kf7 79. Kc4 Ke6 80. Re8+ Kf5 81. Bd4 1-0

[Event "Vojvodina Cup"]
[Site "Banja Junakovic"]
[Date "2009.05.01"]
[Round "3"]
[White "Brajic, Miloje"]
[Black "Petkovic, Radosav"]
[Result "0-1"]
[WhiteElo "2222"]
[BlackElo "2290"]
[PlyCount "94"]
[EventDate "2009.04.30"]
[EventType "team-tourn"]
[EventRounds "5"]
[EventCountry "YUG"]
[SourceTitle "EXT 2011"]
[Source "ChessBase"]
[SourceDate "2010.11.26"]
[SourceVersion "1"]
[SourceVersionDate "2010.11.26"]
[SourceQuality "1"]

1. e4 e5 2. Nc3 Nf6 3. f4 d5 4. fxe5 Nxe4 5. Nf3 Be7 6. d4 c5 7. Bd3 Nxc3 8. bxc3 c4 9. Be2 Nc6 10. 0-0 Bf5 11. Ng5 Bg6 12. h4 0-0 13. e6 fxe6 14. Nxe6 Rxf1+ 15. Qxf1 Qd6 16. Bg4 Qg3 17. Qf3 Qe1+ 18. Kh2 Bd6+ 19. Bf4 Bxf4+ 20. Qxf4 Qxa1 21. h5 Qe1 22. hxg6 Qh4+ 23. Kg1 Qf6 24. Qc7 Qe7 25. gxh7+ Kh8 26. Qg3 Re8 27. Kh2 Qf6 28. Nc7 Qh6+ 29. Bh3 Re3 30. Qf2 Ne7 31. Ne8 Ng6 32. Nc7 Qf4+ 33. Qxf4 Nxf4 34. Bc8 Rxc3 35. Bxb7 Rxc2 36. Kg3 g5 37. Nxd5 Rxg2+ 38. Kf3 Rb2 39. Nxf4 Rxb7 40. Ne6 c3 41. Ke3 Re7 42. d5 Rd7 43. Kd3 Rxd5+ 44. Kxc3 g4 45. Nf4 Rd6 46. a4 Kxh7 47. a5 Kh6 0-1

[Event "Subotica-ch op "]
[Site "Subotica"]
[Date "2007.02.26"]
[Round "4"]
[White "Juhasz, Jeno"]
[Black "Brajic, Miloje"]
[Result "1-0"]
[WhiteElo "1948"]
[BlackElo "2249"]
[PlyCount "103"]
[EventDate "2007.02.19"]
[EventType "swiss"]
[EventRounds "9"]
[EventCountry "YUG"]
[SourceTitle "EXT 2008"]
[Source "ChessBase"]
[SourceDate "2007.11.25"]
[SourceVersion "1"]
[SourceVersionDate "2007.11.25"]
[SourceQuality "1"]

1. d4 Nf6 2. c4 e6 3. Nc3 Bb4 4. Qc2 c5 5. e3 cxd4 6. exd4 0-0 7. Nf3 d5 8. a3 Bxc3+ 9. Qxc3 Ne4 10. Qc2 b6 11. Bd3 Bb7 12. 0-0 Nd7 13. cxd5 exd5 14. Be3 Re8 15. Rac1 Rc8 16. Qe2 Nf8 17. Rc2 Ne6 18. Rfc1 Qd6 19. g3 f6 20. Kg2 Kf7 21. Bb5 Rxc2 22. Bxe8+ Kxe8 23. Qxc2 Qd7 24. h4 g6 25. Ng1 Nd6 26. b3 Kd8 27. f3 Nf5 28. Qc3 Qd6 29. Bf2 Nexd4 30. g4 Nxf3 31. Nxf3 d4 32. Qd3 Qf4 33. gxf5 Qxc1 34. Bxd4 Ke7 35. fxg6 hxg6 36. Qe3+ Qxe3 37. Bxe3 Ke6 38. Kg3 Kf5 39. Nd4+ Ke4 40. Kf2 a6 41. b4 Bd5 42. Ne2 Bf7 43. Bxb6 g5 44. h5 f5 45. Bd8 g4 46. h6 Bg6 47. Kg3 Bh7 48. Nf4 Ke5 49. Nh5 Bg6 50. Nf6 f4+ 51. Kxg4 Bf5+ 52. Kf3 1-0

[Event "Senta op-A 10th"]
[Site "Senta"]
[Date "2006.07.24"]
[Round "5"]
[White "Sakic, Lorand"]
[Black "Brajic, Miloje"]
[Result "0-1"]
[WhiteElo "1966"]
[BlackElo "2312"]
[PlyCount "82"]
[EventDate "2006.07.21"]
[EventType "swiss"]
[EventRounds "9"]
[EventCountry "YUG"]
[SourceTitle "CBM 113 Extra"]
[Source "ChessBase"]
[SourceDate "2006.09.14"]
[SourceVersion "1"]
[SourceVersionDate "2006.09.14"]
[SourceQuality "1"]

1. e4 Nf6 2. e5 Nd5 3. d4 d6 4. f4 Nb6 5. Nc3 dxe5 6. fxe5 Nc6 7. Nf3 Bf5 8. d5 Nb4 9. Nd4 e6 10. Bb5+ c6 11. dxc6 bxc6 12. Nxf5 exf5 13. Bd3 Bc5 14. Bxf5 Qe7 15. Qe2 0-0 16. Bd2 g6 17. Bd3 Bd4 18. a3 Nxd3+ 19. cxd3 Rfe8 20. 0-0-0 Qc5 21. Kb1 Rxe5 22. Qf3 Nd5 23. Nxd5 cxd5 24. Rc1 Qb6 25. Bc3 Rb8 26. Bxd4 Qxd4 27. Rc2 Re3 28. Qf2 Qxd3 29. Re1 Rxe1+ 30. Qxe1 Rc8 31. Qd2 Qxc2+ 32. Qxc2 Rxc2 33. Kxc2 Kf8 34. Kd3 Ke7 35. Kd4 Kd6 36. b4 f5 37. a4 f4 38. b5 g5 39. a5 g4 40. b6 axb6 41. axb6 Kc6 0-1

[Event "Senta op-A 10th"]
[Site "Senta"]
[Date "2006.07.22"]
[Round "3"]
[White "Andrejic, Vladica"]
[Black "Brajic, Miloje"]
[Result "1-0"]
[WhiteElo "2178"]
[BlackElo "2312"]
[PlyCount "71"]
[EventDate "2006.07.21"]
[EventType "swiss"]
[EventRounds "9"]
[EventCountry "YUG"]
[SourceTitle "CBM 113 Extra"]
[Source "ChessBase"]
[SourceDate "2006.09.14"]
[SourceVersion "1"]
[SourceVersionDate "2006.09.14"]
[SourceQuality "1"]

1. e4 Nf6 2. e5 Nd5 3. d4 d6 4. c4 Nb6 5. exd6 cxd6 6. Nc3 g6 7. Be3 Bg7 8. Rc1 0-0 9. b3 Nc6 10. d5 Ne5 11. Be2 f5 12. Nh3 Nbd7 13. f4 Nf7 14. Bd4 Nf6 15. 0-0 h6 16. Qd3 g5 17. Rce1 g4 18. Nf2 h5 19. Bd1 Re8 20. Re2 Nh6 21. Rfe1 h4 22. c5 Bd7 23. b4 Kh8 24. Ba4 Bxa4 25. Nxa4 Qd7 26. Nc3 Rad8 27. Re6 dxc5 28. bxc5 Kh7 29. Bxf6 exf6 30. Qe3 Rxe6 31. Qxe6 Qc7 32. Nd3 Qa5 33. Rc1 Kg6 34. d6 Qa6 35. Rd1 Qc6 36. Ne5+ 1-0

[Event "Cappelle op 21st"]
[Site "Cappelle la Grande"]
[Date "2005.02.17"]
[Round "7"]
[White "Zimmerman, Yuri"]
[Black "Brajic, Miloje"]
[Result "0-1"]
[WhiteElo "2363"]
[BlackElo "2525"]
[PlyCount "58"]
[EventDate "2005.02.12"]
[EventType "swiss"]
[EventRounds "9"]
[EventCountry "FRA"]
[SourceTitle "EXT 2006"]
[Source "ChessBase"]
[SourceDate "2005.11.24"]
[SourceVersion "1"]
[SourceVersionDate "2005.11.24"]
[SourceQuality "1"]

1. d4 Nf6 2. c4 c5 3. d5 b5 4. cxb5 a6 5. e3 g6 6. Nc3 Bg7 7. a4 0-0 8. Bc4 d6 9. Nge2 Nbd7 10. Ra3 Nb6 11. b3 axb5 12. Bxb5 Bb7 13. e4 Qc8 14. 0-0 Ba6 15. f3 Ne8 16. Bg5 Bxb5 17. Nxb5 Nc7 18. Nec3 Nxb5 19. Nxb5 Qd7 20. Qe2 Rfb8 21. Bc1 c4 22. bxc4 Qc8 23. Be3 Qxc4 24. Qf2 Nxa4 25. Nd4 Nc3 26. Rxa8 Rxa8 27. Re1 Bxd4 28. Bxd4 Ra2 29. Qe3 Ne2+ 0-1